Obsahová štruktúra učebnice základov ekonómie a ekonomiky pre stredné školy a jej determinanty

Hlavné determinanty obsahu ekonomického vzdelávania na stredných školách neekonomického zamerania. Zmeny v obsahu povinného ekonomického vzdelávania na gymnáziách v dôsledku školskej obsahovej reformy v SR. Obsahová štruktúra učebnice základov ekonómie a ekonomiky pre stredné školy.

Na minha lista:
Detalhes bibliográficos
Autor principal: Novák, Jaromír, 1978-
Formato: Capítulo de Livro
Idioma:eslovaco
Assuntos:
Tags: Adicionar Tag
Sem tags, seja o primeiro a adicionar uma tag!

MARC

LEADER 00000naa$a2200000$$$4500
001 0109148
005 20240502072215.2
041 0 |a slo 
044 |a SK 
245 1 0 |a Obsahová štruktúra učebnice základov ekonómie a ekonomiky pre stredné školy a jej determinanty  |c Jaromír Novák 
520 |a Hlavné determinanty obsahu ekonomického vzdelávania na stredných školách neekonomického zamerania. Zmeny v obsahu povinného ekonomického vzdelávania na gymnáziách v dôsledku školskej obsahovej reformy v SR. Obsahová štruktúra učebnice základov ekonómie a ekonomiky pre stredné školy. 
610 2 0 |a vzdelávanie 
610 2 0 |a školy stredné 
610 2 0 |a ekonómia 
610 2 0 |a učebnice 
100 1 |a Novák, Jaromír, 1978-